000 00650nam a2200229Ia 4500
003 OSt
005 20220925220924.0
006 a|||||r|||| 00| 0
007 ta
008 220923b |||||||| |||| 00| 0 eng d
037 _cGeneral Book
040 _aRTL
_cRTL
_beng
041 _2eng
_aeng
082 _aX:9915.3.N7, L8
100 _aScott Maurice
_9285547
245 0 _aCan we get back do full employment?
260 _aLondon
_bMacmillan Press Ltd.
_c1978
300 _a148p
_ccm.
700 _a Laslett R A
_9285548
942 _hX:9915.3.N7, L8
_cGB
_2CC
999 _c572850
_d572850